00510nam a2200181 450000500170000000600040001700700040002100800040002502000150002904000090004405000200005310000200007324500900009326000460018330000170022950000480024665000340029420220210145739.0000000000 a0300038224 aUOEL aBL41b.P69 1987 aPreus,Samuel J. aExplaining Religion :bCriticism and theory from Bodin to Freud /cby J. Samuel Preus aLondon :bYale University Press ,cc1987. axxi,231p . : aIncludes index, bibliography and conclusion aExplaining ReligionvReligion